Comparison of 3 assay systems using a common probe substrate, calcein AM, for studying P-GP using a selected set of compounds

Elmentve itt :
Bibliográfiai részletek
Szerzők: Szerémy Péter
Pál Ákos
Méhn Dóra
Tóth Beáta
Fülöp Ferenc
Krajcsi Péter
Herédi-Szabó Krisztina
Dokumentumtípus: Cikk
Megjelent: SAGE Publications Inc. 2011
Sorozat:Journal of Biomolecular Sreening 16 No. 1
doi:10.1177/1087057110385230

mtmt:1786663
Online Access:http://publicatio.bibl.u-szeged.hu/1268
LEADER 00961nab a2200265 i 4500
001 publ1268
005 20180710114000.0
008 120910s2011 hu o 0|| zxx d
022 |a 1087-0571 
024 7 |a 10.1177/1087057110385230  |2 doi 
024 7 |a 1786663  |2 mtmt 
040 |a SZTE Publicatio Repozitórium  |b hun 
041 |a zxx 
100 1 |a Szerémy Péter 
245 1 0 |a Comparison of 3 assay systems using a common probe substrate, calcein AM, for studying P-GP using a selected set of compounds  |h [elektronikus dokumentum] /  |c  Szerémy Péter 
260 |a SAGE Publications Inc.  |c 2011 
300 |a 112-119 
490 0 |a Journal of Biomolecular Sreening  |v 16 No. 1 
700 0 1 |a Pál Ákos  |e aut 
700 0 1 |a Méhn Dóra  |e aut 
700 0 1 |a Tóth Beáta  |e aut 
700 0 1 |a Fülöp Ferenc  |e aut 
700 0 1 |a Krajcsi Péter  |e aut 
700 0 2 |a Herédi-Szabó Krisztina  |e aut 
856 4 0 |u http://publicatio.bibl.u-szeged.hu/1268/1/1268-jav.pdf  |z Dokumentum-elérés